Large Truck Crash Causation Study: An Initial Overviews / (Record no. 2258)

000 -LEADER
fixed length control field 00342 a2200097 4500
082 ## - DEWEY DECIMAL CLASSIFICATION NUMBER
Classification number 363.1259 NHT
100 ## - MAIN ENTRY--PERSONAL NAME
Personal name Starnes, Marc
245 ## - TITLE STATEMENT
Title Large Truck Crash Causation Study: An Initial Overviews /
Statement of responsibility, etc. Marc Starnes
260 ## - PUBLICATION, DISTRIBUTION, ETC.
Place of publication, distribution, etc. Virginia :
Name of publisher, distributor, etc. NHTSA's National Center for Statistics and Analysis,
Date of publication, distribution, etc. 2006
300 ## - PHYSICAL DESCRIPTION
Extent 49p. ;
Other physical details ill. ;
Dimensions 30 cm
650 ## - SUBJECT ADDED ENTRY--TOPICAL TERM
Topical term or geographic name entry element Large Truck Crash Causation
Holdings
Withdrawn status Lost status Damaged status Not for loan Permanent Location Current Location Shelving location Date acquired Total Checkouts Full call number Barcode Date last seen Price effective from Koha item type
        School of Civil and Environmental Engineering (SCEE) School of Civil and Environmental Engineering (SCEE)       363.1259 NHT NIT-3347 01/05/2017 01/05/2017 Book
© 2023 Central Library, National University of Sciences and Technology. All Rights Reserved.